000 00567nam a2200229Ia 4500
003 OSt
005 20220926041113.0
006 a|||||r|||| 00| 0
007 ta
008 220923b |||||||| |||| 00| 0 eng d
037 _cGeneral Book
040 _aRTL
_cRTL
_beng
041 _2eng
_aeng
082 _aB28, J1,J1;K6
100 _aFisher Ronald A
245 0 _aDesign of experiments
250 _a6, 8
260 _c1966
650 _aStatistics
_935791
942 _hB28, J1,J1;K6
_cGB
_2CC
999 _c666398
_d666398